<?xml version="1.0" encoding="UTF-8"?>
<record
    xmlns:xsi="http://www.w3.org/2001/XMLSchema-instance"
    xsi:schemaLocation="http://www.loc.gov/MARC21/slim http://www.loc.gov/standards/marcxml/schema/MARC21slim.xsd"
    xmlns="http://www.loc.gov/MARC21/slim">

  <leader>01877    a2200217   4500</leader>
  <controlfield tag="001">54547</controlfield>
  <controlfield tag="005">20260407155819.0</controlfield>
  <controlfield tag="008">260407a1965    arg                 spa d</controlfield>
  <controlfield tag="003">AR-UNSa-BCEJYS</controlfield>
  <datafield tag="040" ind1=" " ind2=" ">
    <subfield code="a">AR-UNSa-BCEJYS</subfield>
    <subfield code="b">spa</subfield>
    <subfield code="c">AR-UNSa-BCEJYS</subfield>
  </datafield>
  <datafield tag="080" ind1=" " ind2=" ">
    <subfield code="a">338.26</subfield>
    <subfield code="x">Planes econ&#xF3;micos. Planificaci&#xF3;n de la econom&#xED;a</subfield>
  </datafield>
  <datafield tag="245" ind1="1" ind2="0">
    <subfield code="a">Problemas te&#xF3;ricos y pr&#xE1;cticos de la planificaci&#xF3;n</subfield>
  </datafield>
  <datafield tag="250" ind1=" " ind2=" ">
    <subfield code="a">2a. ed.</subfield>
  </datafield>
  <datafield tag="264" ind1=" " ind2="1">
    <subfield code="a">Madrid :</subfield>
    <subfield code="b">Tecnos</subfield>
    <subfield code="c">1965</subfield>
  </datafield>
  <datafield tag="300" ind1=" " ind2=" ">
    <subfield code="a">440 p.</subfield>
    <subfield code="c">23 cm.</subfield>
  </datafield>
  <datafield tag="505" ind1=" " ind2=" ">
    <subfield code="a">Primera Parte: LA PRACTICA DE LA PLANIFICACION: 1. El marco de la planificaci&#xF3;n sovi&#xE9;tica &#x2013; 2. Los planes y los m&#xE9;todos de elaboraci&#xF3;n &#x2013; 3. La planificaci&#xF3;n de los precios, de los salarios y el comercio exterior &#x2013; 4. La ejecuci&#xF3;n de los planes de producci&#xF3;n y los resultados de la planificaci&#xF3;n sovi&#xE9;tica &#x2013; 5. Visi&#xF3;n general de los resultados de la planificaci&#xF3;n en Hungr&#xED;a, Polonia y Checoslovaquia &#x2013; 6. Intervencionismo y dirigismo &#x2013; 7. Planificaci&#xF3;n &#x201C;flexible&#x201D;, programaci&#xF3;n y m&#xE9;todos de los balances - - Segunda Parte: LA TEORIA DE LA PLANIFICACION: 1. Decisi&#xF3;n centralizada o decisi&#xF3;n descentralizada &#x2013; 2. La decisi&#xF3;n de producci&#xF3;n en el seno de una econom&#xED;a planificada y el problema del valor &#x2013; 3. La decisi&#xF3;n econ&#xF3;mica y la determinaci&#xF3;n de las necesidades &#x2013; 4. Dinero y calculo monetario &#x2013; 5. Precios y beneficios &#x2013; 6. Determinaci&#xF3;n de la t&#xE9;cnica m&#xE1;s ventajosa &#x2013; 7. Las riquezas naturales y el c&#xE1;lculo econ&#xF3;mico &#x2013; 8. El problema general del equilibrio econ&#xF3;mico &#x2013; 9. El equilibrio entre la producci&#xF3;n y el consumo en est&#xE1;tica &#x2013; 10. El equilibrio entre la producci&#xF3;n y el consumo de din&#xE1;mica &#x2013; 11. La planificaci&#xF3;n del comercio exterior y los problemas del equilibrio y de los precios.</subfield>
  </datafield>
  <datafield tag="041" ind1=" " ind2=" ">
    <subfield code="a">spa</subfield>
  </datafield>
  <datafield tag="942" ind1=" " ind2=" ">
    <subfield code="c">BK</subfield>
  </datafield>
  <datafield tag="590" ind1=" " ind2=" ">
    <subfield code="a">niveau_biblio:m niveau_hierar:0</subfield>
  </datafield>
  <datafield tag="100" ind1="1" ind2=" ">
    <subfield code="a">Bettelheim, Charles O.</subfield>
  </datafield>
  <datafield tag="999" ind1=" " ind2=" ">
    <subfield code="c">5627</subfield>
    <subfield code="d">5627</subfield>
  </datafield>
  <datafield tag="952" ind1=" " ind2=" ">
    <subfield code="0">0</subfield>
    <subfield code="1">0</subfield>
    <subfield code="4">0</subfield>
    <subfield code="7">0</subfield>
    <subfield code="a">BCEJYS</subfield>
    <subfield code="b">BCEJYS</subfield>
    <subfield code="c">16</subfield>
    <subfield code="d">2026-04-07</subfield>
    <subfield code="l">0</subfield>
    <subfield code="o">338.26 B565 2ed.</subfield>
    <subfield code="p">L26736</subfield>
    <subfield code="r">2026-04-07 15:58:19</subfield>
    <subfield code="w">2026-04-07</subfield>
    <subfield code="y">L</subfield>
  </datafield>
</record>
